| 000 | 01149nas a2200301 4500 | ||
|---|---|---|---|
| 001 | BR8600546 | ||
| 003 | BR-BrBNA | ||
| 005 | 20231205090331.0 | ||
| 007 | ta | ||
| 008 | 230509b bl.|||p| |||| 00| 00por d | ||
| 040 |
_aBR-BrBNA _bpor _cBiblioteca Nacional de Agricultura |
||
| 041 | _a(Pt) | ||
| 072 | _aL02 | ||
| 100 | 1 | _aResende, J. de A.A. | |
| 100 | 1 | _aRostagno, H.S. | |
| 100 | 1 | _aCosta, P.M.A. | |
| 100 | 1 | _aVieira, D. | |
| 100 | 1 | _aFonseca, J.B. | |
| 245 | 1 | _aSuplementacao de acido ascorbico, acido acetil-salicilico e bicarbonato de sodio em racoes de frangos de corte criados sob condicoes de diferentes temperaturas ambiente | |
| 246 | 1 | _a[Dietary supplementation of ascorbic acid, acetyl salicylic acid and sodium bicarbonate in feeds for broilers bred under different conditions of environmental temperatures] | |
| 650 | _aFRANGO DE CORTE | ||
| 650 | _aRACAO | ||
| 650 | _aVITAMINA C | ||
| 650 | _aSUPLEMENTO ALIMENTAR | ||
| 773 | 0 |
_tRevista da Sociedade Brasileira de Zootecnia (Brazil) _xISSN 0100-4859 _g(1985), v. 14(2) p. 196-204 _wBR8600546 |
|
| 909 |
_a202311 _bLúcia _c55 _dLúcia Elande |
||
| 942 |
_2AGRIS _n0 _cANA |
||
| 999 |
_c117683 _d117683 |
||